Manažérske rozhodovanie na základe kalkulácie variabilných nákladov bakalárska práca

Enregistré dans:
Détails bibliographiques
Auteur principal: Zelenay, Jozef
Collectivité auteur: Fakulta podnikového manažmentu EU. Katedra podnikovohospodárska
Autres auteurs: Štetka, Peter, 1986-
Format: Livre
Langue:slovaque
Publié: Bratislava 2018
Tags: Ajouter un tag
Pas de tags, Soyez le premier à ajouter un tag!

MARC

LEADER 00000nbm a2200000 4500
001 0244913
005 20181009112655.4
041 0 |a slo 
044 |a SK 
245 1 0 |a Manažérske rozhodovanie na základe kalkulácie variabilných nákladov  |b bakalárska práca  |c Jozef Zelenay ; školiteľ: Peter Štetka 
264 1 |a Bratislava  |c 2018 
300 |a 70 s. 
100 1 |a Zelenay, Jozef 
700 1 |a Štetka, Peter, 1986- 
710 2 |a Fakulta podnikového manažmentu EU. Katedra podnikovohospodárska